| 000 | 00739nam a2200217 4500 | ||
|---|---|---|---|
| 001 | 116882 | ||
| 003 | ES-MaACL | ||
| 005 | 20250919111023.0 | ||
| 007 | t| | ||
| 008 | 061121s1967 sp r ||||1| cat d | ||
| 100 | 1 |
_aPavlov, Ivan Petrovich. _989685 |
|
| 245 | 1 | 0 |
_aReflexox condicionats i inhibicions / _cIván Pavlov ; proleg de S. Montserrat-Esteve ; introducció de J. F. Le Ny ; traducció de Jordi Solé-Tura. |
| 250 | _a1ª ed. | ||
| 260 |
_aBarcelona : _bEd. 62, _c1967. |
||
| 300 |
_a200 p. ; _c20 cm. |
||
| 700 | 0 |
_aMontserrat Esteve, Santiago. _982744 |
|
| 700 | 1 |
_aLe Ny, Jean-François. _970907 |
|
| 700 | 1 |
_aSolé Tura, Jordi, _d1930-2009 _9107136 |
|
| 852 |
_aES-MaACL _jC-34216 _bR.64844 |
||
| 999 |
_c116882 _d116882 |
||